[Event "I Torneo Puntay B"]
[Site "Caldaro - Kaltern ITA"]
[Date "2016.10.21"]
[Round "1"]
[White "Balzan, Barbara"]
[Black "Schroffenegger, Simon"]
[WhiteElo "1411"]
[BlackElo "1639"]
[Result "0-1"]
[PlyCount "64"]
[EventDate "2016.10.21"]

1. d4 d5 2. Nf3 e6 3. c4 Nf6 4. Nc3 c6 5. e3 Bb4 6. Bd3 dxc4 7. a3 Bxc3+ 8.
bxc3 cxd3 9. Qxd3 Qa5 10. O-O b6 11. Bd2 Qh5 12. Rfe1 Bb7 13. e4 O-O 14. Bf4 c5
15. Rac1 Nbd7 16. e5 Nd5 17. Bg3 cxd4 18. cxd4 Rac8 19. Rxc8 Rxc8 20. Qd1 Nc3
21. Qd3 Bxf3 22. gxf3 Nd5 23. Kg2 Qg5 24. Re4 Qf5 25. Qa6 Rc3 26. Re3 Nxe3+ 27.
fxe3 Rxe3 28. Qc8+ Nf8 29. f4 Qe4+ 30. Kh3 Qxf4 31. Qc1 Rxg3+ 32. hxg3 Qxc1 0-1

[Event "I Torneo Puntay B"]
[Site "Caldaro - Kaltern ITA"]
[Date "2016.10.21"]
[Round "1"]
[White "Casadio, Niccolo`"]
[Black "Moser, Gabriele"]
[WhiteElo "1531"]
[BlackElo "1744"]
[Result "0-1"]
[PlyCount "70"]
[EventDate "2016.10.21"]

1. e4 c6 2. c4 d5 3. exd5 cxd5 4. d4 dxc4 5. Bxc4 e6 6. Nf3 Nf6 7. O-O Be7 8.
Nc3 O-O 9. b3 Nbd7 10. Bb2 Nb6 11. Qc2 Nbd5 12. Ne2 b6 13. Rac1 Bb7 14. Rfd1
Nb4 15. Qb1 Be4 16. Bd3 Nxd3 17. Rxd3 Rc8 18. Nc3 Bxd3 19. Qxd3 Nd5 20. Ne4
Rxc1+ 21. Bxc1 Qc7 22. Bb2 Rc8 23. Ne1 Bb4 24. Nd2 Bd6 25. Kh1 Nb4 26. Qb1 Nc2
27. Nd3 b5 28. Kg1 Na3 29. Bxa3 Bxa3 30. Nc5 Bxc5 31. dxc5 Qxc5 32. Qd3 Qc2 33.
Qe3 Qd1+ 34. Nf1 Rc1 35. Qxa7 Qxf1# 0-1

[Event "I Torneo Puntay B"]
[Site "Caldaro - Kaltern ITA"]
[Date "2016.10.21"]
[Round "1"]
[White "De Polzer, Manfredi"]
[Black "Florian, Andreas"]
[WhiteElo "1633"]
[BlackElo "1384"]
[Result "1-0"]
[PlyCount "99"]
[EventDate "2016.10.21"]

1. e4 e6 2. d4 d5 3. Nc3 Nf6 4. e5 Nfd7 5. f4 c5 6. Nf3 Qb6 7. Na4 Qa5+ 8. Nc3
Nc6 9. Be3 cxd4 10. Nxd4 Nxd4 11. Bxd4 f6 12. Bb5 Bb4 13. Bxd7+ Bxd7 14. exf6
gxf6 15. Qh5+ Ke7 16. O-O Bc5 17. Bxc5+ Qxc5+ 18. Kh1 Bc6 19. Rfe1 Rag8 20. Ne4
Qxc2 21. Ng3 Qg6 22. f5 Qxh5 23. Rxe6+ Kf7 24. Nxh5 Rg5 25. Rxf6+ Ke7 26. Re1+
Kd7 27. Ng3 h5 28. Rg6 Rxg6 29. fxg6 Rg8 30. Nxh5 Rxg6 31. Nf4 Rg7 32. Kg1 Kd6
33. b4 d4 34. Rd1 Ke5 35. g3 Ke4 36. Rxd4+ Kxd4 37. Ne6+ Ke3 38. Nxg7 Kf3 39.
Nf5 Bd7 40. Nh4+ Kg4 41. Ng6 Kh3 42. Nf4+ Kg4 43. Kf2 Kg5 44. Ke3 Kf5 45. Nd5
Be6 46. Kd4 Kg4 47. a3 Bf5 48. Ne3+ Kg5 49. Nxf5 Kxf5 50. h4 1-0

[Event "I Torneo Puntay B"]
[Site "Caldaro - Kaltern ITA"]
[Date "2016.10.21"]
[Round "1"]
[White "Dejori, David"]
[Black "Maier, Felix"]
[WhiteElo "1669"]
[BlackElo "1415"]
[Result "1-0"]
[PlyCount "69"]
[EventDate "2016.10.21"]

1. d4 Nf6 2. c4 c5 3. d5 b5 4. b3 bxc4 5. bxc4 g6 6. Bb2 Bg7 7. Nf3 d6 8. e3
O-O 9. Bd3 Nbd7 10. O-O Nb6 11. Qc2 Qd7 12. a4 e6 13. e4 e5 14. a5 Nxc4 15.
Bxc4 Rb8 16. Nc3 Rb4 17. Qe2 Qb7 18. Ba3 Rxc4 19. Qxc4 Bh6 20. Bc1 Bg7 21. Rb1
Qc7 22. Ra1 Bd7 23. Bd2 Rb8 24. Rfb1 Rxb1+ 25. Nxb1 Bg4 26. Ne1 Nh5 27. f3 Bd7
28. Nc3 Nf4 29. Qb3 Bh6 30. Qb2 f5 31. g3 Nh3+ 32. Kg2 Bxd2 33. Qxd2 fxe4 34.
fxe4 Kg7 35. Qb2 1-0

[Event "I Torneo Puntay B"]
[Site "Caldaro - Kaltern ITA"]
[Date "2016.10.21"]
[Round "1"]
[White "Girardelli, Daniel"]
[Black "Gasparro, Antonio"]
[WhiteElo "1474"]
[BlackElo "1726"]
[Result "0-1"]
[PlyCount "64"]
[EventDate "2016.10.21"]

1. e4 d5 2. e5 c5 3. d4 cxd4 4. Qxd4 Nc6 5. Qc3 e6 6. a3 Nge7 7. Bb5 Bd7 8.
Bxc6 Nxc6 9. Nf3 Rc8 10. Qd3 Qa5+ 11. Bd2 Qb6 12. Bc3 Be7 13. O-O O-O 14. Nbd2
f6 15. Rae1 fxe5 16. Nxe5 Nxe5 17. Bxe5 Bf6 18. b3 Qc5 19. a4 Qxc2 20. Qxc2
Rxc2 21. Nf3 Rfc8 22. Bxf6 gxf6 23. Nd4 Rb2 24. Nxe6 Rxb3 25. Nf4 Re8 26. Rxe8+
Bxe8 27. Nxd5 Kf7 28. Re1 Bxa4 29. Re7+ Kg6 30. g4 Bc6 31. Ne3 Rb1+ 32. Nf1 Bb5
0-1

[Event "I Torneo Puntay B"]
[Site "Caldaro - Kaltern ITA"]
[Date "2016.10.21"]
[Round "1"]
[White "Haller, Quentin"]
[Black "Dallaglio, Giovanni"]
[WhiteElo "1594"]
[BlackElo "1844"]
[Result "0-1"]
[PlyCount "80"]
[EventDate "2016.10.21"]

1. d4 Nf6 2. c4 e6 3. Nc3 d5 4. Bf4 a6 5. c5 Nc6 6. a3 Nh5 7. e3 Nxf4 8. exf4
Qf6 9. Nge2 g6 10. Qd2 b6 11. b4 Bg7 12. Rd1 h5 13. h4 Rb8 14. cxb6 cxb6 15. g3
O-O 16. Bg2 Bd7 17. O-O Na7 18. Rc1 Rfc8 19. Rc2 Nb5 20. Nxb5 Bxb5 21. Rd1 Rxc2
22. Qxc2 Bxe2 23. Qxe2 a5 24. Qb5 axb4 25. Qxb4 Qf5 26. Qb3 Ra8 27. Qxb6 Rxa3
28. Qb5 Qc2 29. Rf1 Bxd4 30. Qb1 Bxf2+ 31. Kh1 Qxb1 32. Rxb1 Bxg3 33. Kg1 Bxf4
34. Rb4 d4 35. Kf1 Be3 36. Ke2 Ra2+ 37. Kf3 Rf2+ 38. Kg3 d3 39. Rb3 d2 40. Rxe3
Rxg2+ 0-1

[Event "I Torneo Puntay B"]
[Site "Caldaro - Kaltern ITA"]
[Date "2016.10.21"]
[Round "1"]
[White "Napetschnig, Martin"]
[Black "Kofler, Albin"]
[WhiteElo "1826"]
[BlackElo "1576"]
[Result "1-0"]
[PlyCount "109"]
[EventDate "2016.10.21"]

1. d4 b6 2. e4 Bb7 3. Nc3 e6 4. Bc4 Bb4 5. Qe2 Nf6 6. Bg5 h6 7. Bxf6 Qxf6 8.
Nf3 Nc6 9. O-O-O Bxc3 10. bxc3 Na5 11. Ba6 Qf4+ 12. Nd2 Bxa6 13. Qxa6 Qd6 14.
Nc4 Nxc4 15. Qxc4 O-O 16. e5 Qe7 17. f4 Qa3+ 18. Kb1 a5 19. Qb3 Qe7 20. c4 c5
21. a4 Rfc8 22. Ka2 cxd4 23. Rxd4 Qc5 24. Rhd1 Rc6 25. Qb5 Rac8 26. Kb3 Kh7 27.
R1d2 Qf8 28. Rxd7 Rxc4 29. R7d4 Rc3+ 30. Kb2 Qa3+ 31. Kb1 Qc5 32. Qxc5 R8xc5
33. Kb2 R3c4 34. g3 f5 35. Rxc4 Rxc4 36. Kb3 Rb4+ 37. Ka3 Kg6 38. c3 Rb1 39.
Ka2 Rc1 40. Kb2 Rh1 41. Kb3 Rb1+ 42. Kc4 Ra1 43. Kb5 Rb1+ 44. Kc6 Rb3 45. Rc2
Ra3 46. Kxb6 Rxa4 47. c4 Kf7 48. c5 Ke7 49. c6 Kd8 50. Rc5 Ra2 51. Rxa5 Rb2+
52. Rb5 Rc2 53. Kb7 Rc1 54. Rb2 Rc3 55. Rd2+ 1-0

[Event "I Torneo Puntay B"]
[Site "Caldaro - Kaltern ITA"]
[Date "2016.10.21"]
[Round "1"]
[White "Romaniello, Domenico"]
[Black "Hofer, Alois"]
[WhiteElo "1552"]
[BlackElo "1773"]
[Result "1/2-1/2"]
[PlyCount "91"]
[EventDate "2016.10.21"]

1. Nf3 Nf6 2. d4 d5 3. Bf4 e6 4. e3 Bd6 5. Bxd6 Qxd6 6. a3 Nbd7 7. Bd3 O-O 8.
Nbd2 c5 9. c3 e5 10. dxe5 Nxe5 11. Nxe5 Qxe5 12. Nf3 Qh5 13. Be2 Qg6 14. g3 Bh3
15. Nh4 Qe4 16. Bf3 Qe6 17. Ng2 g5 18. O-O Rad8 19. Qc2 Bf5 20. Qa4 a6 21. c4
Bd3 22. cxd5 Qf5 23. Ne1 Bxf1 24. Kxf1 Nxd5 25. e4 Nb6 26. Qb3 Qe6 27. Qe3 h6
28. Qxc5 Qc4+ 29. Qxc4 Nxc4 30. b4 Nd2+ 31. Ke2 Rfe8 32. Bg2 Nxe4 33. Kf1 b5
34. Kg1 Nc3 35. Bb7 Re6 36. Kg2 Rd1 37. Rxd1 Nxd1 38. Nd3 Rd6 39. Nc5 Rd2 40.
Ne4 Ra2 41. Bxa6 Rxa3 42. Bxb5 Rb3 43. Be2 Rb1 44. b5 f5 45. Nc5 Nc3 46. Bd3
1/2-1/2

[Event "I Torneo Puntay B"]
[Site "Caldaro - Kaltern ITA"]
[Date "2016.10.21"]
[Round "1"]
[White "Saxl, Alexander"]
[Black "Perino, Alberto"]
[WhiteElo "1565"]
[BlackElo "1803"]
[Result "0-1"]
[PlyCount "64"]
[EventDate "2016.10.21"]

1. e4 b6 2. d4 Bb7 3. Nc3 e6 4. Nf3 Bb4 5. Bd3 Nf6 6. Bg5 h6 7. Bxf6 Qxf6 8.
O-O Qd8 9. Ne2 O-O 10. c3 Be7 11. Ng3 c5 12. Bc2 cxd4 13. cxd4 Nc6 14. a3 Ba6
15. Re1 d5 16. exd5 exd5 17. Bb3 Bc4 18. Rc1 Bxb3 19. Qxb3 Na5 20. Qc2 Bd6 21.
Nf5 Bf4 22. Rb1 Re8 23. Rxe8+ Qxe8 24. Re1 Qd8 25. Ne7+ Kh8 26. Nc6 Qc7 27. Nb4
Qd7 28. Ne5 Bxe5 29. Rxe5 Rc8 30. Qd2 Nb3 31. Rxd5 Nxd2 32. Rxd7 Rc1# 0-1

[Event "I Torneo Puntay B"]
[Site "Caldaro - Kaltern ITA"]
[Date "2016.10.21"]
[Round "1"]
[White "Scarabello, Graziano"]
[Black "Demetz, Ernst"]
[WhiteElo "1630"]
[BlackElo "1272"]
[Result "1-0"]
[PlyCount "47"]
[EventDate "2016.10.21"]

1. c4 d6 2. g3 Nc6 3. Bg2 Bd7 4. e3 e5 5. Ne2 Nf6 6. Nbc3 Rb8 7. O-O Be7 8. a3
a6 9. b4 O-O 10. Bb2 Qc8 11. Nd5 Nxd5 12. cxd5 Na7 13. f4 c6 14. fxe5 cxd5 15.
Rc1 Qd8 16. Nf4 dxe5 17. Bxe5 Rc8 18. Bxd5 Bc6 19. Qg4 g5 20. Bb3 Bd7 21. Qh5
Rxc1 22. Rxc1 gxf4 23. Qh6 Be6 24. Qg7# 1-0

[Event "I Torneo Puntay B"]
[Site "Caldaro - Kaltern ITA"]
[Date "2016.10.21"]
[Round "1"]
[White "Sinner, Armin"]
[Black "Perathoner, Christine"]
[WhiteElo "1711"]
[BlackElo "1434"]
[Result "1-0"]
[PlyCount "39"]
[EventDate "2016.10.21"]

1. e4 e5 2. Nf3 Nc6 3. Bc4 d6 4. d3 Nf6 5. Ng5 d5 6. exd5 Nxd5 7. Nxf7 Kxf7 8.
Qf3+ Qf6 9. Bxd5+ Ke8 10. Bxc6+ Qxc6 11. Qh5+ Qg6 12. Qxe5+ Qe6 13. Bf4 Qxe5+
14. Bxe5 c6 15. O-O Kf7 16. Nc3 Be6 17. Ne4 Rd8 18. f4 Bf5 19. Ng3 Kg6 20. Rae1
1-0

[Event "I Torneo Puntay B"]
[Site "Caldaro - Kaltern ITA"]
[Date "2016.10.21"]
[Round "1"]
[White "Sparber, Werner"]
[Black "Licandro, Michele"]
[WhiteElo "1777"]
[BlackElo "1557"]
[Result "1-0"]
[PlyCount "67"]
[EventDate "2016.10.21"]

1. d4 d5 2. c4 c6 3. e3 Nf6 4. Nc3 Nbd7 5. Nf3 e6 6. Bd3 dxc4 7. Bxc4 Nd5 8.
Bd2 Bd6 9. O-O N7f6 10. Bd3 Bc7 11. e4 Nf4 12. Bc2 O-O 13. Qc1 Nxe4 14. Bxe4
Nd5 15. Nxd5 exd5 16. Bd3 Bg4 17. Ne5 Bh5 18. f4 f6 19. Nf3 Bb6 20. Bc3 Qd6 21.
Qd2 Rae8 22. Rac1 Re7 23. Bb4 Qd7 24. Bxe7 Qxe7 25. Rce1 Qc7 26. Bc2 Ba5 27. b4
Bb6 28. Nh4 a5 29. Qd3 f5 30. Re5 Qd8 31. g3 Bg4 32. Nxf5 Bc7 33. Ne7+ Qxe7 34.
Qxh7+ 1-0

[Event "I Torneo Puntay B"]
[Site "Caldaro - Kaltern ITA"]
[Date "2016.10.21"]
[Round "1"]
[White "Unterkofler, Alex"]
[Black "Lantschner, Alexander"]
[WhiteElo "1770"]
[BlackElo "1533"]
[Result "1-0"]
[PlyCount "56"]
[EventDate "2016.10.21"]

1. e4 e5 2. f4 exf4 3. Nf3 Bc5 4. d4 Bb6 5. Bxf4 d6 6. Bc4 Bg4 7. c3 Ne7 8.
Bxf7+ Kxf7 9. Ng5+ Kg8 10. Qxg4 Qd7 11. Qd1 Ng6 12. Qb3+ Kf8 13. O-O Ke8 14.
Bg3 Rf8 15. Nd2 h6 16. Ne6 Rf6 17. Rxf6 gxf6 18. Rf1 Qe7 19. Nf4 Qf7 20. Nxg6
Qxg6 21. Qe6+ Kd8 22. Rxf6 Qe8 23. Qf5 Nd7 24. Rf7 c5 25. d5 Kc7 26. Nc4 Kd8
27. Nxd6 Qe7 28. Rxe7 c4+ 1-0

[Event "I Torneo Puntay B"]
[Site "Caldaro - Kaltern ITA"]
[Date "2016.10.22"]
[Round "2"]
[White "Dallaglio, Giovanni"]
[Black "Sinner, Armin"]
[WhiteElo "1844"]
[BlackElo "1711"]
[Result "1-0"]
[PlyCount "53"]
[EventDate "2016.10.21"]

1. d4 d5 2. Nf3 Bf5 3. c4 e6 4. Nc3 Bb4 5. e3 Nf6 6. Bd3 c6 7. O-O Bxc3 8. bxc3
Ne4 9. Ba3 Nd7 10. Qc2 Rc8 11. g3 Qf6 12. Nh4 Bh3 13. Bxe4 Bxf1 14. Rxf1 dxe4
15. Qxe4 Nb6 16. Qd3 Rd8 17. f4 Nd7 18. e4 c5 19. e5 Qh6 20. d5 O-O 21. Qe2 g6
22. Nf3 Qh5 23. Qe3 b6 24. Bc1 Qf5 25. Qe2 Rfe8 26. Be3 Qe4 27. Ng5 1-0

[Event "I Torneo Puntay B"]
[Site "Caldaro - Kaltern ITA"]
[Date "2016.10.22"]
[Round "2"]
[White "Demetz, Ernst"]
[Black "Girardelli, Daniel"]
[WhiteElo "1272"]
[BlackElo "1474"]
[Result "1/2-1/2"]
[PlyCount "84"]
[EventDate "2016.10.21"]

1. d4 d5 2. Nc3 Nc6 3. Nf3 Bf5 4. a3 f6 5. Nh4 Qd7 6. e3 e6 7. Nxf5 exf5 8. Qf3
Nge7 9. Bb5 a6 10. Ba4 Qe6 11. O-O g5 12. Qg3 O-O-O 13. b4 Ng6 14. f4 gxf4 15.
exf4 Nxd4 16. Be3 Nc6 17. Bb3 Nce7 18. Bd4 Rg8 19. Rae1 Qf7 20. Bc5 h6 21. Bxe7
Nxe7 22. Qf3 c6 23. Qf2 Kc7 24. Na4 Nc8 25. Qe2 b5 26. Nc3 Qe7 27. Qf3 Qd6 28.
Ne2 Rg7 29. Nd4 Ne7 30. Ne6+ Kc8 31. Nxd8 Qxd8 32. Rd1 Qb6+ 33. Kh1 Kc7 34. c3
Nc8 35. Rc1 Nd6 36. Bc2 Kd7 37. a4 Re7 38. axb5 axb5 39. Qh3 Qe3 40. Bxf5+ Kc7
41. Qh4 Nxf5 42. Qg4 Qd3 1/2-1/2

[Event "I Torneo Puntay B"]
[Site "Caldaro - Kaltern ITA"]
[Date "2016.10.22"]
[Round "2"]
[White "Florian, Andreas"]
[Black "Casadio, Niccolo`"]
[WhiteElo "1384"]
[BlackElo "1531"]
[Result "0-1"]
[PlyCount "102"]
[EventDate "2016.10.21"]

1. e4 g6 2. d4 Bg7 3. c4 d6 4. Nf3 Nf6 5. Nc3 Bg4 6. Be2 Nc6 7. Be3 Qd7 8. h3
Bxf3 9. Bxf3 e5 10. d5 Ne7 11. O-O O-O 12. Qd2 Ne8 13. Bh6 f5 14. exf5 Nxf5 15.
Bxg7 Kxg7 16. Ne4 h6 17. Bg4 Nf6 18. Bxf5 Qxf5 19. Nxf6 Rxf6 20. Qe2 Re8 21.
Qg4 Qxg4 22. hxg4 Rf4 23. b3 Rxg4 24. Rac1 Rd4 25. Rfd1 Rxd1+ 26. Rxd1 Kf6 27.
g3 Kg5 28. Kg2 e4 29. Re1 Kf5 30. Kf1 Ke5 31. Rd1 Rf8 32. Ke2 Rf3 33. Rc1 Kd4
34. Rc2 h5 35. Rc1 a5 36. Rc2 b6 37. Rc1 a4 38. bxa4 Ra3 39. Rc2 Rxa4 40. f3
exf3+ 41. Kxf3 g5 42. Rh2 h4 43. gxh4 gxh4 44. Rxh4+ Kc3 45. Rh7 Rxc4 46. a4
Kb4 47. Ke3 Kxa4 48. Kd3 Rc5 49. Kd4 b5 50. Kd3 Rxd5+ 51. Kc3 Rc5+ 0-1

[Event "I Torneo Puntay B"]
[Site "Caldaro - Kaltern ITA"]
[Date "2016.10.22"]
[Round "2"]
[White "Gasparro, Antonio"]
[Black "Scarabello, Graziano"]
[WhiteElo "1726"]
[BlackElo "1630"]
[Result "1/2-1/2"]
[PlyCount "29"]
[EventDate "2016.10.21"]

1. Nf3 Nc6 2. c4 e5 3. Nc3 g6 4. g3 Bg7 5. Bg2 Nge7 6. O-O O-O 7. d3 f5 8. Rb1
a5 9. a3 f4 10. Bd2 h5 11. Ne4 Nf5 12. Qc1 d5 13. cxd5 Qxd5 14. Bc3 fxg3 15.
hxg3 1/2-1/2

[Event "I Torneo Puntay B"]
[Site "Caldaro - Kaltern ITA"]
[Date "2016.10.22"]
[Round "2"]
[White "Hofer, Alois"]
[Black "Lantschner, Carmen"]
[WhiteElo "1773"]
[BlackElo "1739"]
[Result "1-0"]
[PlyCount "73"]
[EventDate "2016.10.21"]

1. c4 d6 2. Nc3 Nf6 3. g3 g6 4. Bg2 Bg7 5. e3 c5 6. Nge2 Nc6 7. a3 O-O 8. O-O
Bg4 9. h3 Bd7 10. Rb1 Qc7 11. Kh2 Ne5 12. d3 h6 13. b4 Bc6 14. e4 Bd7 15. b5 g5
16. f4 gxf4 17. Nxf4 Ng6 18. Bd2 Nh7 19. Ncd5 Qd8 20. Nh5 f5 21. Nxg7 Kxg7 22.
Qh5 Ng5 23. Bxg5 hxg5 24. Qxg5 e6 25. Qxd8 Raxd8 26. exf5 exd5 27. fxg6 dxc4
28. dxc4 b6 29. Rxf8 Rxf8 30. Rf1 Rxf1 31. Bxf1 Kxg6 32. g4 Kf6 33. Kg3 Ke5 34.
h4 d5 35. h5 Be6 36. h6 Bg8 37. Bd3 1-0

[Event "I Torneo Puntay B"]
[Site "Caldaro - Kaltern ITA"]
[Date "2016.10.22"]
[Round "2"]
[White "Licandro, Michele"]
[Black "Balzan, Barbara"]
[WhiteElo "1557"]
[BlackElo "1411"]
[Result "1-0"]
[PlyCount "71"]
[EventDate "2016.10.21"]

1. d4 Nf6 2. Bf4 g6 3. Nf3 Bg7 4. Nc3 O-O 5. e4 d6 6. Qd2 Bg4 7. Be2 Nbd7 8.
O-O e5 9. dxe5 dxe5 10. Bh6 Nh5 11. Bxg7 Kxg7 12. h3 Bxf3 13. Bxf3 Nf4 14. Rad1
Qg5 15. Qxd7 Rad8 16. Qg4 Qxg4 17. Bxg4 h5 18. Bf3 g5 19. Rxd8 Rxd8 20. Rd1 Rh8
21. Nd5 g4 22. hxg4 hxg4 23. Bxg4 Ne6 24. Bxe6 fxe6 25. Nxc7 Kf6 26. c3 Rh7 27.
Nb5 a6 28. Na3 Kg5 29. Nc4 Kf4 30. f3 Kg3 31. Nxe5 Rh2 32. Rd2 Rh5 33. Ng4 Ra5
34. a3 b5 35. Rd6 b4 36. cxb4 1-0

[Event "I Torneo Puntay B"]
[Site "Caldaro - Kaltern ITA"]
[Date "2016.10.22"]
[Round "2"]
[White "Maier, Felix"]
[Black "Saxl, Alexander"]
[WhiteElo "1415"]
[BlackElo "1565"]
[Result "1/2-1/2"]
[PlyCount "36"]
[EventDate "2016.10.21"]

1. e4 e5 2. Nf3 Nf6 3. d4 exd4 4. Qxd4 Nc6 5. Qc4 d5 6. exd5 Nxd5 7. Nc3 Ndb4
8. Nb5 Bf5 9. Nbd4 Nxd4 10. Nxd4 Bg6 11. a3 Qxd4 12. Qe2+ Be7 13. axb4 O-O 14.
c3 Bxb4 15. cxb4 Qxb4+ 16. Qd2 Qe4+ 17. Qe3 Qb4+ 18. Qd2 Qe4+ 1/2-1/2

[Event "I Torneo Puntay B"]
[Site "Caldaro - Kaltern ITA"]
[Date "2016.10.22"]
[Round "2"]
[White "Moser, Gabriele"]
[Black "De Polzer, Manfredi"]
[WhiteElo "1744"]
[BlackElo "1633"]
[Result "1-0"]
[PlyCount "75"]
[EventDate "2016.10.21"]

1. e4 c5 2. Nf3 d6 3. d4 cxd4 4. Nxd4 a6 5. Nc3 Nc6 6. Bc4 e6 7. h4 Be7 8. Bg5
Bxg5 9. hxg5 Qxg5 10. Nxc6 bxc6 11. Qxd6 Bd7 12. Rd1 Qe7 13. Na4 Qxd6 14. Rxd6
Nf6 15. Nc5 e5 16. Nxd7 Nxd7 17. Rxc6 O-O 18. Rxa6 Rac8 19. b3 Nc5 20. Ra5 Kh8
21. f3 Rc7 22. Ke2 f6 23. Rd1 h6 24. Rd5 Rfc8 25. Bd3 Ne6 26. g3 Nd4+ 27. Ke3
Nxc2+ 28. Bxc2 Rxc2 29. Rd2 R2c3+ 30. Ke2 Kh7 31. b4 R8c7 32. b5 Rb7 33. a4 Rb3
34. Ra6 h5 35. Rdd6 Kg6 36. b6 Kg5 37. a5 f5 38. Ra7 1-0

[Event "I Torneo Puntay B"]
[Site "Caldaro - Kaltern ITA"]
[Date "2016.10.22"]
[Round "2"]
[White "Perino, Alberto"]
[Black "Dejori, David"]
[WhiteElo "1803"]
[BlackElo "1669"]
[Result "1-0"]
[PlyCount "61"]
[EventDate "2016.10.21"]

1. e4 d5 2. exd5 Qxd5 3. Nc3 Qa5 4. d4 c6 5. Bc4 Bf5 6. Nf3 Nf6 7. O-O e6 8.
Re1 Be7 9. Bd2 Qc7 10. Qe2 O-O 11. Bb3 Re8 12. Nd1 Nbd7 13. Ne3 Bg6 14. Nc4 Bh5
15. g3 Nd5 16. Nce5 Nxe5 17. dxe5 Bc5 18. c3 Rad8 19. Bc2 h6 20. h3 Ne7 21. Be3
Qb6 22. Bf4 Nd5 23. Bc1 Ne7 24. b4 Bxb4 25. cxb4 Qxb4 26. Qe4 Qc3 27. Qh7+ Kf8
28. Bxh6 gxh6 29. Qxh6+ Kg8 30. Bh7+ Kh8 31. Bg6+ 1-0

[Event "I Torneo Puntay B"]
[Site "Caldaro - Kaltern ITA"]
[Date "2016.10.22"]
[Round "2"]
[White "Pfeifhofer, Helmut"]
[Black "Unterkofler, Alex"]
[WhiteElo "1631"]
[BlackElo "1770"]
[Result "1/2-1/2"]
[PlyCount "45"]
[EventDate "2016.10.21"]

1. e4 c5 2. Nf3 d6 3. d4 cxd4 4. Nxd4 Nf6 5. Nc3 a6 6. Be2 g6 7. Be3 Bg7 8. g4
Nc6 9. g5 Ng4 10. Bxg4 Bxg4 11. Nxc6 Bxc3+ 12. bxc3 Bxd1 13. Nxd8 Bf3 14. Nxf7
Kxf7 15. O-O Rac8 16. Rfe1 e5 17. Bd2 Rc4 18. Rab1 b5 19. Rb4 Rhc8 20. Re3 Bg4
21. Rxc4 Rxc4 22. f3 Be6 23. a3 1/2-1/2

[Event "I Torneo Puntay B"]
[Site "Caldaro - Kaltern ITA"]
[Date "2016.10.22"]
[Round "2"]
[White "Schroffenegger, Simon"]
[Black "Sparber, Werner"]
[WhiteElo "1639"]
[BlackElo "1777"]
[Result "0-1"]
[PlyCount "120"]
[EventDate "2016.10.21"]

1. e4 e5 2. f4 d6 3. Nf3 Nc6 4. Bc4 Be7 5. O-O Nf6 6. Nc3 O-O 7. f5 a6 8. a4
Nxe4 9. Nxe4 d5 10. Bd3 dxe4 11. Bxe4 Nd4 12. g4 Bc5 13. Kg2 Qd6 14. c3 Nc6 15.
d3 Ne7 16. Qe1 f6 17. Qg3 c6 18. h4 Bb6 19. Nd2 Bc7 20. Nc4 Qd8 21. Qh3 Nd5 22.
a5 Rb8 23. Be3 b5 24. axb6 Nxb6 25. Nxb6 Bxb6 26. Bxc6 Qxd3 27. Bxb6 Qxh3+ 28.
Kxh3 Rxb6 29. Bd5+ Kh8 30. b4 Rd8 31. Rfd1 Rbd6 32. c4 e4 33. Re1 Rb6 34. Rxe4
Rxb4 35. Rd1 h5 36. Rde1 Kh7 37. Re8 hxg4+ 38. Kh2 Rxe8 39. Rxe8 Bxf5 40. Ra8
Bd3 41. c5 Rd4 42. Bg8+ Kg6 43. c6 Bf5 44. Rxa6 Rd2+ 45. Kg3 Rc2 46. Bd5 Rc3+
47. Kf4 Rd3 48. h5+ Kxh5 49. Kxf5 Rxd5+ 50. Kf4 Rc5 51. Ke4 f5+ 52. Kd4 Rc1 53.
Ra5 Kg5 54. Rc5 Rd1+ 55. Ke5 Rd8 56. Ke6 g3 57. Rxf5+ Kg4 58. Rf7 g5 59. Ke7
Rd1 60. c7 Rc1 0-1

[Event "I Torneo Puntay B"]
[Site "Caldaro - Kaltern ITA"]
[Date "2016.10.22"]
[Round "3"]
[White "Casadio, Niccolo`"]
[Black "Schroffenegger, Simon"]
[WhiteElo "1531"]
[BlackElo "1639"]
[Result "0-1"]
[PlyCount "112"]
[EventDate "2016.10.21"]

1. e4 e5 2. Nc3 Nf6 3. g3 Bc5 4. Bg2 Nc6 5. Nge2 d6 6. Na4 Bb6 7. O-O Bd7 8. c3
O-O 9. Nxb6 axb6 10. d4 h6 11. d5 Na5 12. Be3 Nc4 13. Qc1 Ng4 14. Bd2 Nxd2 15.
Qxd2 f5 16. h3 Nf6 17. exf5 Bxf5 18. f4 Qe8 19. fxe5 Qxe5 20. Nd4 Ne4 21. Qf4
Nxg3 22. Qxe5 dxe5 23. Rf3 exd4 24. Rxg3 dxc3 25. Rxc3 Rf7 26. a3 Re8 27. Bf1
Kh7 28. Rac1 Be4 29. Re3 Rff8 30. Rce1 Bg6 31. Rxe8 Rxe8 32. Rxe8 Bxe8 33. Bg2
Kg8 34. Kf2 Kf7 35. Ke3 Ke7 36. Kd4 Kd6 37. h4 Bf7 38. b4 b5 39. Bf3 g5 40.
hxg5 hxg5 41. Be2 Bxd5 42. Bxb5 Bf3 43. Ke3 g4 44. Bc4 Ke5 45. b5 Kd6 46. Bf1
Kc5 47. Bd3 Kb6 48. Kf4 Bd1 49. Be4 Kxb5 50. Bxb7 Ka4 51. Bc6+ Kxa3 52. Ke5 Bf3
53. Bb5 g3 54. Bf1 g2 55. Bxg2 Bxg2 56. Kd4 Kb4 0-1

[Event "I Torneo Puntay B"]
[Site "Caldaro - Kaltern ITA"]
[Date "2016.10.22"]
[Round "3"]
[White "De Polzer, Manfredi"]
[Black "Lantschner, Alexander"]
[WhiteElo "1633"]
[BlackElo "1533"]
[Result "0-1"]
[PlyCount "70"]
[EventDate "2016.10.21"]

1. e4 e5 2. Nf3 Nc6 3. d4 exd4 4. c3 f6 5. cxd4 Bb4+ 6. Nc3 Nge7 7. Bc4 d5 8.
Bd3 O-O 9. O-O Bg4 10. Qe2 Nxd4 11. Qe3 Bxc3 12. bxc3 Nxf3+ 13. gxf3 Bh3 14.
Re1 c6 15. f4 Bd7 16. Ba3 Re8 17. Rad1 Qc7 18. Qg3 Ng6 19. Bc1 Re7 20. exd5
Rxe1+ 21. Rxe1 Re8 22. Rxe8+ Bxe8 23. h4 cxd5 24. Bc2 d4 25. Bb3+ Bf7 26. h5
Nf8 27. Bb2 Bxb3 28. axb3 Qf7 29. c4 Qxh5 30. Bxd4 Qd1+ 31. Kg2 Qxd4 32. Qf3
Qd7 33. f5 Qc6 34. Qd5+ Qxd5+ 35. cxd5 Kf7 0-1

[Event "I Torneo Puntay B"]
[Site "Caldaro - Kaltern ITA"]
[Date "2016.10.22"]
[Round "3"]
[White "Dejori, David"]
[Black "Licandro, Michele"]
[WhiteElo "1669"]
[BlackElo "1557"]
[Result "1-0"]
[PlyCount "107"]
[EventDate "2016.10.21"]

1. d4 d5 2. c4 c6 3. Nc3 Nf6 4. Bg5 e6 5. e3 Be7 6. Nf3 O-O 7. Bd3 dxc4 8. Bxc4
Nbd7 9. O-O Nb6 10. Bd3 Nbd5 11. Nxd5 Nxd5 12. Bxe7 Qxe7 13. a3 b6 14. Rc1 Bb7
15. Qe2 a5 16. Rc2 Rfc8 17. Rfc1 g6 18. Ne5 c5 19. dxc5 Rxc5 20. Rxc5 bxc5 21.
Qc2 Rc8 22. e4 Nf4 23. f3 Nxd3 24. Qxd3 f6 25. Ng4 Qc7 26. Nxf6+ Kg7 27. Qc3 e5
28. Ng4 Ba6 29. Qxe5+ Qxe5 30. Nxe5 c4 31. Kf2 h5 32. Ke3 Kf6 33. Nd7+ Ke6 34.
Nb6 Rc6 35. Nd5 g5 36. b3 Ke5 37. bxc4 Rxc4 38. Rxc4 Bxc4 39. Nb6 Bf1 40. g3
Bb5 41. f4+ gxf4+ 42. gxf4+ Ke6 43. Nd5 Bc6 44. Kd4 h4 45. f5+ Kf7 46. e5 h3
47. e6+ Kf8 48. Ke5 Kg7 49. f6+ Kf8 50. Ne3 a4 51. Nf5 Bb5 52. Nd6 Bc6 53. e7+
Kg8 54. f7+ 1-0

[Event "I Torneo Puntay B"]
[Site "Caldaro - Kaltern ITA"]
[Date "2016.10.22"]
[Round "3"]
[White "Haller, Quentin"]
[Black "Maier, Felix"]
[WhiteElo "1594"]
[BlackElo "1415"]
[Result "1/2-1/2"]
[PlyCount "42"]
[EventDate "2016.10.21"]

1. d4 Nf6 2. c4 c5 3. d5 b5 4. cxb5 a6 5. bxa6 Bxa6 6. Nc3 g6 7. Nf3 Bg7 8. e4
d6 9. Bxa6 Nxa6 10. a3 Qb6 11. Qa4+ Nd7 12. Qc4 O-O 13. O-O Rfb8 14. Rb1 Qb7
15. Bf4 Nb6 16. Qd3 Nc7 17. Rfd1 Na4 18. Nxa4 Rxa4 19. b4 cxb4 20. axb4 Rxb4
21. Nd2 Qa6 1/2-1/2

[Event "I Torneo Puntay B"]
[Site "Caldaro - Kaltern ITA"]
[Date "2016.10.22"]
[Round "3"]
[White "Lantschner, Carmen"]
[Black "Perathoner, Christine"]
[WhiteElo "1739"]
[BlackElo "1434"]
[Result "1-0"]
[PlyCount "81"]
[EventDate "2016.10.21"]

1. e4 e5 2. Nf3 Nf6 3. Nc3 d6 4. d4 exd4 5. Nxd4 Be7 6. Bc4 c5 7. Nf3 Bg4 8.
Bf4 a6 9. h3 Bh5 10. a4 Nc6 11. O-O O-O 12. Qd3 Nb4 13. Qe2 d5 14. exd5 Nbxd5
15. Nxd5 Nxd5 16. Bxd5 Qxd5 17. Qxe7 Bxf3 18. gxf3 Rae8 19. Qh4 Qxf3 20. Qg3
Qxg3+ 21. fxg3 Re2 22. Rf2 Re6 23. Rd1 b6 24. Rfd2 h6 25. Rd8 Rxd8 26. Rxd8+
Kh7 27. Kf2 Rf6 28. Rd6 Rxd6 29. Bxd6 Kg6 30. c4 Kf6 31. Bc7 Ke6 32. Ke3 f5 33.
Bxb6 g5 34. Bxc5 Ke5 35. Bd4+ Kd6 36. b4 h5 37. b5 axb5 38. axb5 Kc7 39. c5 h4
40. Be5+ Kc8 41. gxh4 1-0